Top 20 Giants: All-Time Home Run Leaders - Statistics

General Stats
  • This quiz has been taken 184 times
    158 since last reset
  • The average score is 11 of 20
Answer Stats
Home Runs Answer % Correct
586 Barry Bonds
99%
186 Bobby Bonds
99%
646 Willie Mays
99%
469 Willie McCovey
92%
140 Buster Posey
84%
511 Mel Ott
74%
175 Jeff Kent
72%
163 Jack Clark
60%
176 Will Clark
60%
247 Matt Williams
55%
226 Orlando Cepeda
53%
143 Kevin Mitchell
50%
134 Pablo Sandoval
45%
157 Johnny Mize
26%
189 Bobby Thomson
22%
143 Rich Aurilia
21%
135 Travis Jackson
17%
154 Bill Terry
16%
142 Darrell Evans
16%
157 Jim Ray Hart
12%
No matching quizzes found
Score Distribution
Percent of People with Each Score
Percentile by Number Answered
Your Score History
You have not taken this quiz since the last reset